Europe 1792 Cities - Statistics

General Stats
  • This quiz has been taken 17 times
  • The average score is 70 of 192
Answer Stats
Staring Country
(Rightful Owner)
City % Correct
Poland Lithuania Kraków
92%
Poland Lithuania* Warsaw
92%
Dutch Republic* Amsterdam
83%
Holy Roman Empire* Frankfurt
83%
Holy Roman Empire Hamburg
83%
Bavaria* Munich
83%
Ottoman Empire[Greece] Athens
75%
Prussia* Berlin
75%
Habsburg Empire[Brabantine Republic] Brussels
75%
Wallachia* Bucharest
75%
Habsburg Empire[Hungary] Budapest
75%
Ottoman Empire* Constantinople
75%
Denmark* Copenhagen
75%
Great Britain[Ireland] Dublin
75%
Genoa* Genoa
75%
Great Britain* London
75%
France Lyon
75%
France* Paris
75%
Russia[Livonia] Riga
75%
Dutch Republic Rotterdam
75%
Ottoman Empire[Bulgaria] Sofia
75%
Sweden* Stockholm
75%
Venice* Venice
75%
Habsburg Empire* Vienna
75%
Augsburg* Augsburg
67%
Switzerland(Basel) Basel
67%
Ottoman Empire[Serbia] Belgrade
67%
Switzerland* Bern
67%
Norway* Christiania
67%
Great Britain Edinburgh
67%
Poland Lithuania Gdańsk
67%
Hanover* Hanover
67%
Russia[Kiev] Kiev
67%
Saxony* Leipzig
67%
Portugal* Lisbon
67%
Spain* Madrid
67%
France[Vendée France] Marseille
67%
Milan* Milan
67%
Russia Moscow
67%
Naples* Naples
67%
Portugal Porto
67%
Habsburg Empire Prag
67%
Papal States* Rome
67%
Russia* Saint Petersburg
67%
Württemberg* Stuttgart
67%
Ulm* Ulm
67%
San Marino* City of San Marino
58%
Liége* Liége
58%
Poland Lithuania[Ruthenia] Minsk
58%
Parma* Parma
58%
Ottoman Empire[Bosnia] Sarajevo
58%
Tunis* Tunis
58%
Switzerland Zürich
58%
Andorra* Andorra la Vella
50%
Berat* Berat
50%
Great Britain Birmingham
50%
France Bordeaux
50%
Holy Roman Empire Bremen
50%
Great Britain Cardiff
50%
Geneva* Geneva
50%
Russia Kazan
50%
Holy Roman Empire Lübeck
50%
Lucca* Lucca
50%
Habsburg Empire[Luxembourg] Luxembourg
50%
Mainz* Mainz
50%
Modena* Modena
50%
Monaco* Monaco
50%
Münster* Münster
50%
Ottoman Empire[Cyprus] Nicosia
50%
Sicily* Palermo
50%
Morocco Rabat
50%
Ragusa* Ragusa
50%
Denmark[Iceland] Reykjavik
50%
Rovca*(Montenegro) Rovca
50%
Salzburg* Salzburg
50%
Spain Seville
50%
Trier* Trier
50%
Liechtenstein* Vaduz
50%
Habsburg Empire[Croatia] Zagreb
50%
Ansbach* Ansbach
42%
Spain[Catalonia] Barcelona
42%
Ottoman Empire[Arab Syria] Damascus
42%
Great Britain[Mann] Douglas
42%
Tuscany* (Sardinia) Florence
42%
Ottoman Empire[Palestine] Jerusalem
42%
Cologne* Köln
42%
Sweden Malmö
42%
Oldenburg* Oldenburg
42%
Piombino* Piombino
42%
Russia Rostov
42%
Savoy* Turin
42%
Würzburg* Würzburg
42%
Holy Roman Empire Aachen
33%
Algers* Algers
33%
Ottoman Empire Angore
33%
Great Britain Belfast
33%
Moldavia Chișinǎu
33%
Cospaia* Cospaia
33%
Morocco* Fez
33%
Imereti* Imereti
33%
Habsburg Empire Innsbruck
33%
Mark* Mark
33%
Ottoman Empire[Mesopotamia] Mosul
33%
Neuchâtel* Neuchâtel
33%
Holy Roman Empire Nuremberg
33%
Holy Roman Empire Saarbrücken
33%
Mecklenburg* Schwerin
33%
Tarki* Tarki
33%
Spain Valencia
33%
Yanina* Yanina
33%
Abkhazia* Abkhazia
25%
Sardinia* Cagliari
25%
Didoya* Didoya
25%
Durdzuki* Durdzuki
25%
Holy Roman Empire Kassel
25%
Russia[Khadjibey] Khadjibey
25%
Prussia Königsberg
25%
Nakichevan* Nakichevan
25%
France Nancy
25%
Poljica* Poljica
25%
Svaneti* Svaneti
25%
Kartili Kakheti* Tiflis
25%
Denmark[Faroe Islands] Tórshavn
25%
Ottoman Empire Varna
25%
Ottoman Empire Antalya
17%
Montenegro* Cetinje
17%
Three Leagues* Chur
17%
Anhalt* Dessau
17%
Holy Roman Empire Düsseldorf
17%
Erivan* Erivan
17%
Ganja* Ganja
17%
Karabakh* Karabakh
17%
Baden* Karlsruhe
17%
Cleves* Kleve
17%
Habsburg Empire(Poland Lithuania) Lemberg
17%
Palatinate* Mannheim
17%
Scavolino* Scavolino
17%
Ottoman Empire[Arab Syria] Annam
8%
Russia Astrakhan
8%
Holy Roman Empire Bamburg
8%
France[Vendée France] Brittany
8%
Saxon Duchies Coburg
8%
Holy Roman Empire Darmstadt
8%
Shkodra Durrës
8%
East Frisia* Emden
8%
Saxon Duchies Gotha
8%
Sweden[Finland] Helsinge
8%
Moldavia* Iași
8%
Holy Roman Empire Jülich
8%
Shkodra[Bulgaria] Macedonia
8%
Persia* Maku
8%
Great Britain† Malta
8%
Saxon Duchies Meiningen
8%
Holy Roman Empire Offenburg
8%
Holy Roman Empire Passau
8%
Russia[Crimea] Qirg Yer
8%
Russia[Estonia] Reval
8%
Shkodra* Shkodër
8%
Seven Tithings* Sion
8%
Ottoman Empire Smyrna
8%
Poland Lithuania Vilna
8%
Russia Voronezh
8%
Saxon Duchies* Weimar
8%
Ossetia* Alania
0%
Circassia[Nogays] Armavir
0%
Holy Roman Empire Biberach
0%
Spain[Basque] Biblao
0%
Circassia* Bighurquale
0%
Tuggurt* Biskra
0%
Holy Roman Empire Braunschweig
0%
Circassia[Abaza] Cherkessk
0%
Caucasian States Dagestan
0%
Mount Lebanon* Deir Al Qamar
0%
Caucasian States* Derbent
0%
Finnmark* Kautokeino
0%
Trier Ehrenbreitstein
0%
Holy Roman Empire Fürstenburg
0%
Junior Jüz* Guriev
0%
Habsburg Empire[Transylvania] Klausenburg
0%
Habsburg Empire Laibach
0%
Courland Semigalla* Mitau
0%
Shaki* Nukha
0%
Holy Roman Empire Osnabrück
0%
Guria* Ozurgeti
0%
Basel* Porrentruy
0%
Kabardia* Qetuqwey
0%
Circassia Sanche
0%
Spain Santiago de Compostela
0%
Hohenzollern* Sigmaringen
0%
Ottoman Empire[Kurdistan] Tatvan
0%
Diriyah* Turaif
0%
Mingrelia* Zugdidi
0%
No matching quizzes found
Score Distribution
Percent of People with Each Score
Percentile by Number Answered
Your Score History
You have not taken this quiz